| 000 | 01204 a2200313 4500 | ||
|---|---|---|---|
| 003 | Nust | ||
| 005 | 20230609103316.0 | ||
| 010 | _a 2004299659 | ||
| 020 | _a1-58053-605-0 | ||
| 035 | _a(OCoLC)ocm54663510 | ||
| 035 | _a13614686 | ||
| 040 | _cNust | ||
| 082 | 0 | 4 | _a006.33,LUC |
| 100 | 1 |
_aLuck, Michael _9113117 |
|
| 245 | 1 | 0 |
_aAgent-based software development / _cMichael Luck, Ronald Ashri, Mark d'Inverno. |
| 260 |
_aBoston : _bArtech House, _cc2004. |
||
| 300 |
_axiii, 208 p. : _bill. ; _c24 cm. |
||
| 440 | 0 |
_aAgent-oriented systems. _9101145 |
|
| 440 | 0 |
_aArtech House computing library. _955645 |
|
| 505 | _aAgent- Base Computer (Page-1), Agent Architectures (Page-13), Agent Toolkit (Page-39) , Methodologies and Modeling Languages (Page-77), Standards for Agent Development (Page-133), Agent Support Technologies (Page-167), Agent-Base Development Resources (Page-187). | ||
| 650 | 0 |
_aAgenter _9101146 |
|
| 650 | 0 |
_aComputer software _xDevelopment. _918022 |
|
| 650 | 0 | _aIntelligent agents (Computer software) | |
| 650 | 0 |
_aProgramutveckling _996463 |
|
| 650 | 0 |
_aSoftware engineering _92256 |
|
| 700 | 1 | _aAshri, Ronald. | |
| 700 | 1 |
_aD'Inverno, Mark. _9101148 |
|
| 942 |
_2ddc _cBK |
||
| 999 |
_c198645 _d198645 |
||